[Event "Bangkok Big Rook op"]
[Site "Bangkok"]
[Date "2024.02.25"]
[Round "5"]
[White "Salvador, Louie"]
[Black "Sparsh, Khandelwal"]
[Result "1-0"]
[WhiteElo "2143"]
[BlackElo "1871"]
[PlyCount "71"]
[EventDate "2024.02.23"]
[EventType "swiss"]
[EventRounds "7"]
[EventCountry "THA"]
[SourceTitle "CB10_2024"]
[SourceDate "2024.03.06"]
[SourceVersion "1"]
[SourceVersionDate "2024.03.06"]
[SourceQuality "1"]

1. e4 c5 2. Nf3 g6 3. d4 cxd4 4. Nxd4 Bg7 5. c4 Nc6 6. Be3 Nh6 7. Nc3 0-0 8. Be2 d6 9. 0-0 f5 10. Qd2 Nxd4 11. Bxd4 e5 12. Be3 f4 13. Qd5+ Nf7 14. Bc1 Qe7 15. b3 g5 16. Qd1 Be6 17. Ba3 b6 18. Bg4 Qd7 19. Bxe6 Qxe6 20. Qh5 g4 21. Rad1 Rad8 22. Rd3 Rd7 23. Rfd1 Rfd8 24. Nd5 h6 25. h3 gxh3 26. Qxh3 Qg6 27. f3 Ng5 28. Qg4 h5 29. Qh4 Bf8 30. Qxh5 Qxh5 31. Nf6+ Kf7 32. Nxh5 Kg6 33. g4 Be7 34. Kg2 Rc7 35. Bxd6 Rcd7 36. Ba3 1-0

[Event "Bangkok Rooky op"]
[Site "Bangkok"]
[Date "2023.10.23"]
[Round "6"]
[White "Chong, Hao Ern"]
[Black "Sparsh, Khandelwal"]
[Result "1/2-1/2"]
[WhiteElo "1604"]
[BlackElo "1813"]
[PlyCount "59"]
[EventDate "2023.10.20"]
[EventType "swiss"]
[EventRounds "7"]
[EventCountry "THA"]
[SourceTitle "Mega2024 Update 01"]
[Source "Chessbase"]
[SourceDate "2023.11.12"]
[SourceVersion "1"]
[SourceVersionDate "2023.11.12"]
[SourceQuality "1"]

1. e4 c5 2. Nf3 g6 3. d4 d5 4. exd5 Qxd5 5. c3 Bg7 6. Na3 Nf6 7. Bc4 Qd8 8. Bb5+ Bd7 9. dxc5 0-0 10. 0-0 Bxb5 11. Nxb5 Qc8 12. Bf4 Na6 13. b4 Ne4 14. Rc1 b6 15. cxb6 axb6 16. Qe2 Qf5 17. Be3 Rfc8 18. Nbd4 Qd7 19. b5 Nac5 20. Nc6 Na4 21. Bd4 Naxc3 22. Bxc3 Nxc3 23. Qc4 Na4 24. Rfd1 Qb7 25. Qe4 Bf6 26. Nfe5 Nc5 27. Qc4 e6 28. f4 Ra4 29. Qe2 Rxf4 30. Rf1 1/2-1/2

[Event "Bangkok Rooky op"]
[Site "Bangkok"]
[Date "2023.10.21"]
[Round "3"]
[White "Sparsh, Khandelwal"]
[Black "Govindasamy, Kanes"]
[Result "1-0"]
[WhiteElo "1813"]
[BlackElo "1391"]
[PlyCount "35"]
[EventDate "2023.10.20"]
[EventType "swiss"]
[EventRounds "7"]
[EventCountry "THA"]
[SourceTitle "Mega2024 Update 01"]
[Source "Chessbase"]
[SourceDate "2023.11.12"]
[SourceVersion "1"]
[SourceVersionDate "2023.11.12"]
[SourceQuality "1"]

1. e4 c6 2. f4 d5 3. e5 Bf5 4. d4 e6 5. Nf3 Nd7 6. Bd3 Bxd3 7. Qxd3 c5 8. c3 cxd4 9. cxd4 Bb4+ 10. Bd2 Bxd2+ 11. Nbxd2 Ne7 12. 0-0 0-0 13. g4 f5 14. exf6 Nxf6 15. Ng5 Qd6 16. Rae1 Ng6 17. Rxe6 Nxf4 18. Rxf6 1-0

[Event "Gujarat op 2nd"]
[Site "Ahmedabad"]
[Date "2019.09.24"]
[Round "4"]
[White "Sparsh, Khandelwal"]
[Black "Deshmukh, Anup"]
[Result "0-1"]
[WhiteElo "1868"]
[BlackElo "2193"]
[PlyCount "104"]
[EventDate "2019.09.22"]
[EventType "swiss"]
[EventRounds "10"]
[EventCountry "IND"]
[SourceTitle "EXT 2020"]
[Source "ChessBase"]
[SourceDate "2019.10.17"]
[SourceVersion "1"]
[SourceVersionDate "2019.10.17"]
[SourceQuality "1"]

1. e4 Nc6 2. Bc4 e6 3. d4 d5 4. exd5 exd5 5. Bb3 Nf6 6. h3 Bd6 7. Ne2 0-0 8. Bg5 Re8 9. 0-0 Rxe2 10. Qxe2 Nxd4 11. Qd3 c5 12. c3 Bf5 13. Qd1 Nxb3 14. Qxb3 h6 15. Bxf6 Qxf6 16. Qxd5 Rd8 17. Qf3 Qe5 18. Qg3 Qe2 19. Qf3 Qxf3 20. gxf3 Bxh3 21. Rd1 Bh2+ 22. Kxh2 Rxd1 23. Kxh3 f5 24. a4 a5 25. c4 Kh7 26. f4 Kg6 27. Kg3 Kh5 28. Kh3 g5 29. fxg5 hxg5 30. Kg3 Rg1+ 31. Kh2 Re1 32. Kg3 f4+ 33. Kf3 Kg6 34. Ra3 Rxb1 35. Rb3 Kf5 36. Kg2 g4 37. f3 Rc1 38. fxg4+ Kxg4 39. Rxb7 Rc2+ 40. Kg1 Rxc4 41. b3 Rc1+ 42. Kf2 Rc2+ 43. Kg1 Rb2 44. Rc7 Kg3 45. Rg7+ Kf3 46. Rc7 Rg2+ 47. Kf1 Rc2 48. Kg1 Rc1+ 49. Kh2 Kf2 50. Ra7 f3 51. Re7 c4 52. Rc7 c3 0-1

[Event "Commonwealth-ch U20"]
[Site "New Delhi"]
[Date "2019.07.02"]
[Round "2.1"]
[White "Wagh, Suyog"]
[Black "Sparsh, Khandelwal"]
[Result "1-0"]
[WhiteElo "2242"]
[BlackElo "1830"]
[PlyCount "31"]
[EventDate "2019.07.01"]
[EventType "swiss"]
[EventRounds "7"]
[EventCountry "IND"]
[SourceTitle "EXT 2024"]
[Source "ChessBase"]
[SourceDate "2023.10.10"]
[SourceVersion "1"]
[SourceVersionDate "2023.10.10"]
[SourceQuality "1"]

1. c4 Nf6 2. Nc3 d5 3. cxd5 Nxd5 4. g3 g6 5. Bg2 Nxc3 6. bxc3 Bg7 7. Rb1 c6 8. Nf3 0-0 9. 0-0 Qa5 10. Qc2 Nd7 11. c4 Nc5 12. d3 Na4 13. Bd2 Nc3 14. Kh1 Qa4 15. Rb3 Nxa2 16. Rb2 1-0

[Event "India rating op"]
[Site "India"]
[Date "2019.02.03"]
[Round "8"]
[White "Snehal, Bohosale"]
[Black "Sparsh, Khandelwal"]
[Result "1-0"]
[WhiteElo "2150"]
[BlackElo "1788"]
[PlyCount "73"]
[EventDate "2019.02.03"]
[EventType "swiss"]
[EventRounds "11"]
[EventCountry "IND"]
[SourceTitle "EXT 2021"]
[Source "ChessBase"]
[SourceDate "2020.10.23"]
[SourceVersion "1"]
[SourceVersionDate "2020.10.23"]
[SourceQuality "1"]

1. d4 Nf6 2. c4 g6 3. Nc3 d5 4. cxd5 Nxd5 5. Na4 Bg7 6. e4 Nb6 7. Nf3 0-0 8. Be3 Bg4 9. Nc5 Qc8 10. Qc2 c6 11. Be2 N8d7 12. h3 Bxf3 13. Bxf3 e5 14. Nb3 exd4 15. Nxd4 Rd8 16. Rd1 Nf8 17. 0-0 Ne6 18. Nb3 Qc7 19. Qc1 Rxd1 20. Rxd1 Rd8 21. Rf1 Nd4 22. Nxd4 Bxd4 23. Bg5 f6 24. Bh6 Be5 25. Bd1 Rd4 26. Bb3+ Kh8 27. f4 Bd6 28. e5 Be7 29. Qe3 Bc5 30. Kh1 Nd5 31. Qc1 Be7 32. exf6 Bxf6 33. Re1 Qd7 34. Qc5 Ne7 35. Qxa7 b5 36. Qc5 Nf5 37. Qf8# 1-0

[Event "Kalyan op 2nd"]
[Site "Kalyan"]
[Date "2019.01.29"]
[Round "1"]
[White "Sparsh, Khandelwal"]
[Black "Anirudh, Satish"]
[Result "1-0"]
[WhiteElo "1823"]
[BlackElo "1100"]
[PlyCount "41"]
[EventDate "2019.01.29"]
[EventType "swiss"]
[EventRounds "10"]
[EventCountry "IND"]
[SourceTitle "CBM 188 Extra"]
[Source "ChessBase"]
[SourceDate "2019.02.26"]
[SourceVersion "1"]
[SourceVersionDate "2019.02.26"]
[SourceQuality "1"]

1. e4 e5 2. Bc4 Nc6 3. Nc3 Bc5 4. d3 Nf6 5. h3 d6 6. Nge2 Be6 7. 0-0 Qe7 8. a3 Bxc4 9. dxc4 0-0 10. Ng3 Qe6 11. Nd5 Bb6 12. Bg5 Nd7 13. Nf5 f6 14. Bh6 Rf7 15. Qg4 Nd4 16. Bxg7 Nxf5 17. exf5 Qe8 18. Bxf6+ Kf8 19. Qg5 Nxf6 20. Nxf6 Qe7 21. Qg8# 1-0

[Event "Gujarat op 1st"]
[Site "Ahmedabad"]
[Date "2018.10.05"]
[Round "1"]
[White "Sparsh, Khandelwal"]
[Black "Kushagra, Mohan"]
[Result "0-1"]
[WhiteElo "1847"]
[BlackElo "2283"]
[PlyCount "120"]
[EventDate "2018.10.05"]
[EventType "swiss"]
[EventRounds "10"]
[EventCountry "IND"]
[SourceTitle "CBM 186 Extra"]
[Source "ChessBase"]
[SourceDate "2018.08.24"]
[SourceVersion "1"]
[SourceVersionDate "2018.08.24"]
[SourceQuality "1"]

1. e4 e5 2. Bc4 Nc6 3. Nc3 Nf6 4. d3 Bc5 5. h3 a6 6. a3 d6 7. Nge2 h6 8. Be3 Bxe3 9. fxe3 Ne7 10. 0-0 Ng6 11. Ng3 0-0 12. Nf5 c6 13. Qf3 Bxf5 14. exf5 Ne7 15. Ne4 Nc8 16. Bb3 d5 17. Nxf6+ Qxf6 18. e4 d4 19. Qh5 Nd6 20. h4 Kh7 21. g4 g6 22. fxg6+ Qxg6 23. Qxg6+ fxg6 24. Rxf8 Rxf8 25. Rf1 Rxf1+ 26. Kxf1 g5 27. hxg5 hxg5 28. a4 a5 29. Ke2 Kg6 30. Kd2 Kf6 31. Bg8 Nc8 32. Bc4 Nb6 33. Bb3 Ke7 34. c3 Kd6 35. Bd1 Kc5 36. Bb3 Na8 37. Bf7 b5 38. axb5 cxb5 39. c4 b4 40. Be8 Nc7 41. Ba4 Ne6 42. Bd7 Nf4 43. b3 Ng2 44. Kc2 Kb6 45. Bc8 Ne3+ 46. Kb2 Kc7 47. Be6 Nd1+ 48. Kc2 Nc3 49. Bf7 a4 50. bxa4 Nxa4 51. Kb3 Nc5+ 52. Kxb4 Nxd3+ 53. Kb5 Nf2 54. c5 Nxg4 55. Kc4 Ne3+ 56. Kd3 g4 57. Be8 g3 58. Ke2 g2 59. Kf2 d3 60. Ba4 d2 0-1

[Event "Maharashtra State-ch U25"]
[Site "Nasik"]
[Date "2018.08.11"]
[Round "5"]
[White "Himanshu, S Chhabra"]
[Black "Sparsh, Khandelwal"]
[Result "1/2-1/2"]
[WhiteElo "1797"]
[BlackElo "1768"]
[PlyCount "54"]
[EventDate "2018.08.09"]
[EventType "swiss"]
[EventRounds "9"]
[EventCountry "IND"]
[SourceTitle "CBM 186 Extra"]
[Source "ChessBase"]
[SourceDate "2018.08.24"]
[SourceVersion "1"]
[SourceVersionDate "2018.08.24"]
[SourceQuality "1"]

1. d4 Nf6 2. Bf4 g6 3. Nc3 Bg7 4. e4 d6 5. Qd2 0-0 6. h4 c6 7. Bh6 e5 8. Bxg7 Kxg7 9. 0-0-0 Qe7 10. f3 b5 11. g4 h5 12. g5 Ng8 13. f4 exf4 14. Qxf4 f6 15. Qe3 Bg4 16. Be2 f5 17. Bxg4 fxg4 18. d5 b4 19. Qd4+ Kh7 20. Qxb4 c5 21. Qa4 Nd7 22. Nge2 Ne5 23. Qa6 Rab8 24. Rdf1 Rb6 25. Qa4 Nf3 26. Qc4 Ne5 27. Qa4 Nf3 1/2-1/2

[Event "Maharashtra State-ch U25"]
[Site "Nasik"]
[Date "2018.08.11"]
[Round "6"]
[White "Sparsh, Khandelwal"]
[Black "Krishna, Malay"]
[Result "1-0"]
[WhiteElo "1768"]
[BlackElo "1519"]
[PlyCount "47"]
[EventDate "2018.08.09"]
[EventType "swiss"]
[EventRounds "9"]
[EventCountry "IND"]
[SourceTitle "CBM 186 Extra"]
[Source "ChessBase"]
[SourceDate "2018.08.24"]
[SourceVersion "1"]
[SourceVersionDate "2018.08.24"]
[SourceQuality "1"]

1. e4 d5 2. exd5 Nf6 3. d4 Bg4 4. Nf3 Qxd5 5. Be2 Nc6 6. 0-0 0-0-0 7. c3 e6 8. h3 Bh5 9. Bf4 Bd6 10. Bxd6 Rxd6 11. Nbd2 g5 12. Nc4 Rd7 13. Nfe5 Nxe5 14. Nxe5 Bxe2 15. Qxe2 Re7 16. Rad1 Rhe8 17. Qc2 Nd7 18. c4 Qa5 19. b4 Qxb4 20. Rb1 Qd6 21. Qb3 Nxe5 22. Qxb7+ Kd7 23. dxe5 Qxe5 24. Rfd1+ 1-0

[Event "Panchavati Resha op 3rd"]
[Site "Panchavati"]
[Date "2017.07.20"]
[Round "4"]
[White "Sparsh, Khandelwal"]
[Black "Isha, Pritam Inamdar"]
[Result "1-0"]
[WhiteElo "1706"]
[BlackElo "1311"]
[PlyCount "77"]
[EventDate "2017.07.18"]
[EventType "swiss"]
[EventRounds "10"]
[EventCountry "IND"]
[SourceTitle "EXT 2018"]
[Source "ChessBase"]
[SourceDate "2017.10.13"]
[SourceVersion "1"]
[SourceVersionDate "2017.10.13"]
[SourceQuality "1"]

1. e4 c5 2. d3 d6 3. Nc3 Nf6 4. g3 g6 5. Bg2 Bg7 6. h3 Nc6 7. Be3 0-0 8. Nge2 Nd7 9. 0-0 Nd4 10. g4 a6 11. Bg5 Re8 12. Qd2 b5 13. e5 Nxe2+ 14. Qxe2 Rb8 15. exd6 f6 16. dxe7 Rxe7 17. Be3 Bb7 18. Bxb7 Rxb7 19. Qf3 Qc8 20. Qd5+ Kh8 21. Qg2 Ne5 22. Ne4 Rbc7 23. Bxc5 Red7 24. d4 Nf7 25. Qf3 Rc6 26. Rfe1 Nd8 27. Nd6 Rdxd6 28. Bxd6 Rxd6 29. Re8+ Bf8 30. Rxf8+ Kg7 31. Re8 Qxc2 32. Qe3 Qxb2 33. Qe7+ Kh6 34. Qxd6 Qxa1+ 35. Kg2 Nb7 36. Qf4+ Kg7 37. Re7+ Kg8 38. Qb8+ Nd8 39. Qxd8# 1-0

[Event "Panchavati op 2nd"]
[Site "Panchavati"]
[Date "2016.05.22"]
[Round "10"]
[White "Bakshi, Rutuja"]
[Black "Sparsh, Khandelwal"]
[Result "1-0"]
[WhiteElo "1972"]
[BlackElo "1814"]
[PlyCount "95"]
[EventDate "2016.05.17"]
[EventType "swiss"]
[EventRounds "10"]
[EventCountry "IND"]
[SourceTitle "CBM 172 Extra"]
[Source "ChessBase"]
[SourceDate "2016.06.21"]
[SourceVersion "1"]
[SourceVersionDate "2016.06.21"]
[SourceQuality "1"]

1. c4 Nf6 2. Nc3 d5 3. d4 g6 4. Nf3 Bg7 5. g3 0-0 6. Bg2 c6 7. Qb3 dxc4 8. Qxc4 Na6 9. 0-0 Be6 10. Qa4 Nd5 11. Rd1 Ndb4 12. Rd2 Nd5 13. Ng5 Bg4 14. Nxd5 cxd5 15. Qb3 e6 16. Qxb7 Qxg5 17. Qxa6 Qh5 18. b3 Rfc8 19. Ba3 Qf5 20. e3 e5 21. Bxd5 exd4 22. e4 Qf3 23. Qf1 Rab8 24. h3 Be6 25. Rd3 Qf6 26. Bb2 Qe7 27. Bxd4 Bxd5 28. exd5 Bxd4 29. Rxd4 Rc2 30. d6 Qe5 31. Rd3 Rd8 32. Re1 Qb5 33. a4 Qc6 34. Red1 Rd7 35. Qe1 Qc5 36. b4 Qb6 37. a5 Qd8 38. Qe5 a6 39. b5 axb5 40. Qxb5 Ra2 41. Rd5 Qf6 42. Qc5 Qe6 43. h4 Qf6 44. R5d3 Qd8 45. Rd5 Qf6 46. Re5 Kg7 47. Re7 Rxd6 48. Rxd6 1-0